000 00243nam a2200097Ia 4500
001 688233
005 20250826161611.0
008 250824s9999 xx 000 0 und d
245 0 _aDEDE KORKUT HİKAYELERİ
_cANONİM
260 _bAKVARYUM YAYINLARI
999 _c688233
_d688233